[Event "TCh-FRA Top 12 2014"]
[Site "Saint-Quentin FRA"]
[Date "2014.05.25"]
[Round "2.8"]
[White "Benmesbah, Natacha"]
[Black "Haussernot, Cecile"]
[Result "1/2-1/2"]
[WhiteTitle "WIM"]
[BlackTitle "WFM"]
[WhiteElo "2187"]
[BlackElo "2006"]
[WhiteTeam "Les Tours de Haute Picardie"]
[BlackTeam "Mulhouse Philidor"]
[WhiteFideId "642002"]
[BlackFideId "601632"]
[EventDate "2014.05.24"]

1. e4 c5 2. Nf3 d6 3. Bb5+ Nc6 4. O-O Nf6 5. e5 dxe5 6. Bxc6+ bxc6 7. Nxe5 Qc7
8. Re1 e6 9. h3 Bd6 10. Nc4 O-O 11. b3 Re8 12. Bb2 e5 13. Nba3 Ba6 14. d3 Rad8
15. Qf3 Nd5 16. Rad1 f6 17. Ne3 Bf8 18. Nac4 Bc8 19. h4 Be6 20. h5 Nf4 21. h6 g6
22. Ng4 Bxg4 23. Qxg4 Bxh6 24. g3 Nd5 25. Kg2 Bg7 26. Qh4 Rd7 27. f4 Rde7 28.
fxe5 fxe5 29. Nd2 Nb4 30. Qc4+ Rf7 31. Ne4 Nd5 32. Qxc5 Qd7 33. c4 Bf8 34. Qg1
Qg4 35. Kh1 Rf5 36. cxd5 Rh5+ 37. Kg2 Qh3+ 38. Kf3 Rf5+ 39. Ke2 Qg4+ 40. Kd2
cxd5 41. Kc2 dxe4 42. Rxe4 Qf3 43. Re3 Qc6+ 44. Kb1 Bc5 45. d4 Bb6 46. Qe1 e4
47. Rc1 Qd5 48. Qc3 Rf2 49. Qc4 Rxb2+ 50. Kxb2 Bxd4+ 51. Rcc3 Qxc4 52. bxc4 Bxe3
53. Rxe3 Kf7 54. Kc3 Kf6 55. Kd4 Kf5 56. Kd5 Rd8+ 57. Kc6 Rd3 58. Re1 Rxg3 59.
c5 Rc3 60. Kd5 Rd3+ 61. Kc4 Rd2 62. c6 Rc2+ 63. Kd5 Rd2+ 64. Kc5 Rc2+ 65. Kd5
Rd2+ 66. Kc5 1/2-1/2

[Event "TCh-FRA Top 12 2014"]
[Site "Saint-Quentin FRA"]
[Date "2014.05.25"]
[Round "2.2"]
[White "Salgado Lopez, Ivan"]
[Black "Fressinet, Laurent"]
[Result "1/2-1/2"]
[WhiteTitle "GM"]
[BlackTitle "GM"]
[WhiteElo "2627"]
[BlackElo "2711"]
[WhiteTeam "L'Echiquier Chalonnais"]
[BlackTeam "Clichy-Echecs-92"]
[WhiteFideId "2257327"]
[BlackFideId "608742"]
[EventDate "2014.05.24"]

1. c4 e6 2. e4 d5 3. exd5 exd5 4. cxd5 Nf6 5. Bb5+ Nbd7 6. Nc3 Be7 7. Nf3 O-O 8.
O-O Nb6 9. d4 Nbxd5 10. Re1 c6 11. Bc4 Be6 12. Bb3 Re8 13. Bg5 h6 14. Bh4 Nxc3
15. bxc3 Nd5 16. Bxe7 Rxe7 17. Qd2 Qa5 18. c4 Qxd2 19. Nxd2 Nc7 20. d5 Rd8 21.
dxe6 Rxd2 22. exf7+ Kxf7 23. c5+ Kf6 24. Rxe7 Kxe7 25. Re1+ Kf6 26. h4 g5 1/2-1/2

[Event "TCh-FRA Top 12 2014"]
[Site "Saint-Quentin FRA"]
[Date "2014.05.25"]
[Round "2.3"]
[White "Matlakov, Maxim"]
[Black "Sokolov, Ivan"]
[Result "1/2-1/2"]
[WhiteTitle "GM"]
[BlackTitle "GM"]
[WhiteElo "2689"]
[BlackElo "2650"]
[WhiteTeam "Clichy-Echecs-92"]
[BlackTeam "L'Echiquier Chalonnais"]
[WhiteFideId "4168003"]
[BlackFideId "14400030"]
[EventDate "2014.05.24"]

1. Nf3 d5 2. g3 Bg4 3. Bg2 e6 4. c4 Nd7 5. cxd5 exd5 6. O-O c6 7. d3 Bd6 8. Nc3
Ne7 9. Qc2 h5 10. e4 dxe4 11. Nxe4 Bc7 12. Nh4 O-O 13. h3 Be6 14. Qe2 Ng6 15.
Bg5 Qe8 16. Qxh5 Nxh4 17. Qxh4 f6 18. Bf4 Ne5 19. Bxe5 Bxe5 20. d4 g5 21. Qh6
Bxd4 22. Rfe1 Qf7 23. Nd6 Qd7 24. Qg6+ Kh8 25. Qh6+ Kg8 26. Qg6+ Kh8 27. Rxe6
Qxe6 28. Be4 Qxh3 29. Nf5 Rg8 30. Qf7 Raf8 31. Qxb7 Rb8 32. Qf7 Rbf8 33. Qc4
Bxb2 34. Rb1 Rd8 35. Ne3 Bd4 36. Bf5 g4 37. Qxc6 Rde8 38. Rb7 Rxe3 39. Rh7+ Qxh7
40. Bxh7 Re1+ 41. Kg2 Re2 42. Bxg8 Rxf2+ 43. Kh1 Rf1+ 1/2-1/2

[Event "TCh-FRA Top 12 2014"]
[Site "Saint-Quentin FRA"]
[Date "2014.05.25"]
[Round "2.4"]
[White "Velten, Paul"]
[Black "Tregubov, Pavel V."]
[Result "1/2-1/2"]
[WhiteTitle "IM"]
[BlackTitle "GM"]
[WhiteElo "2429"]
[BlackElo "2616"]
[WhiteTeam "L'Echiquier Chalonnais"]
[BlackTeam "Clichy-Echecs-92"]
[WhiteFideId "681091"]
[BlackFideId "4115341"]
[EventDate "2014.05.24"]

1. d4 Nf6 2. Nf3 e6 3. Nc3 d5 4. Bg5 Be7 5. e3 Nbd7 6. Bd3 c5 7. O-O b6 8. Bb5
O-O 9. Ne2 Bb7 10. c3 Ne4 11. Bf4 a6 12. Bd3 g5 13. Bg3 Nxg3 14. hxg3 c4 15. Bc2
Qc7 16. g4 h6 17. Nd2 Nf6 18. f3 Rfe8 19. Rf2 b5 20. Nf1 Bd6 21. Qd2 Bc6 22. Rd1
Rab8 23. Bb1 b4 24. Qc2 b3 25. axb3 cxb3 26. Qc1 Bb5 27. Bd3 a5 28. Qb1 a4 29.
Bxb5 Rxb5 30. Qd3 Qc4 31. Qb1 a3 32. bxa3 b2 33. Nd2 Qc7 34. a4 Rb7 35. Qc2 Rc8
36. Rb1 Ba3 37. Qd3 Qc6 38. c4 dxc4 39. Qxa3 c3 40. Nxc3 Qxc3 41. Qxc3 Rxc3 42.
Nf1 Rcb3 43. a5 Nd5 44. a6 R7b4 45. a7 Ra3 46. Rfxb2 Rxb2 47. Rxb2 Rxa7 48. Rb3
Ra1 49. g3 Kf8 50. e4 Ne7 51. Rb8+ Kg7 52. Rb6 Rd1 53. Rd6 Nc8 54. Rd7 Nb6 55.
Rd8 Kf6 56. Kf2 Ke7 57. Rh8 Rxd4 58. Rxh6 Nc4 59. Rh8 Rd3 60. Ke2 Ra3 61. f4 Nd6
62. e5 Ne4 63. Rg8 Nc3+ 64. Kd2 Ne4+ 65. Ke2 Nc3+ 66. Kd2 Ne4+ 67. Ke2 Nc3+ 1/2-1/2

[Event "TCh-FRA Top 12 2014"]
[Site "Saint-Quentin FRA"]
[Date "2014.05.25"]
[Round "2.5"]
[White "Van Wely, Loek"]
[Black "Dourerassou, Jonathan"]
[Result "1-0"]
[WhiteTitle "GM"]
[BlackTitle "IM"]
[WhiteElo "2656"]
[BlackElo "2502"]
[WhiteTeam "Clichy-Echecs-92"]
[BlackTeam "L'Echiquier Chalonnais"]
[WhiteFideId "1000268"]
[BlackFideId "628050"]
[EventDate "2014.05.24"]

1. d4 Nf6 2. c4 g6 3. Nf3 Bg7 4. g3 O-O 5. Bg2 d6 6. Nc3 Nc6 7. O-O a6 8. d5 Na5
9. Nd2 c5 10. Qc2 b5 11. cxb5 axb5 12. Nxb5 Qb6 13. Nc3 Bf5 14. e4 Bc8 15. h3
Ba6 16. Rd1 Nd7 17. Kh2 Ne5 18. Nf1 Qb4 19. f4 Nec4 20. e5 dxe5 21. d6 exd6 22.
Bxa8 Rxa8 23. Nd5 Qb7 24. Rb1 exf4 25. b4 fxg3+ 26. Nxg3 cxb4 27. Rxb4 Qa7 28.
Qg2 Nc6 29. Ra4 Rb8 30. Nc7 Qxc7 31. Rxa6 Ne7 32. Ra8 Be5 33. Kh1 d5 34. Rxb8+
Qxb8 35. Nf1 Qa7 36. Qe2 Qd7 37. Kg2 Qc6 38. Qf3 Nd6 39. Bg5 f6 40. Bxf6 Nef5
41. Bd8 Ne4 42. Qb3 Nc3 43. Re1 Bf6 44. Bxf6 Qxf6 45. Qb8+ Kg7 46. Qc7+ Kh6 47.
Nh2 Qd4 48. Nf3 Qb4 49. Qe5 Qc4 50. Kg1 Qc5+ 51. Kg2 Qc4 52. Kg1 Nxa2 53. Nd2
Qh4 54. Nf3 Qc4 55. Nd2 Qc5+ 56. Kf1 Qb4 57. Qxd5 Qf4+ 58. Nf3 Nb4 59. Qd2 Qxd2
60. Nxd2 Nd3 61. Ra1 Nf4 62. Ra3 Kh5 63. Kg1 g5 64. Ne4 Kh4 65. Kh2 h5 66. Ra5
Ne3 67. Nxg5 Nf1+ 68. Kg1 Ng3 69. Nf3+ Kxh3 70. Kf2 h4 71. Ra4 Ngh5 72. Ne5 Kh2
73. Kf3 Ng2 74. Ra2 Nf4 75. Ng6 Kh3 76. Ne5 Kh2 77. Ng4+ Kh3 78. Ra1 Ne1+ 79.
Rxe1 1-0

[Event "TCh-FRA Top 12 2014"]
[Site "Saint-Quentin FRA"]
[Date "2014.05.25"]
[Round "2.6"]
[White "Sebag, Marie"]
[Black "Hamdouchi, Hicham"]
[Result "1-0"]
[WhiteTitle "GM"]
[BlackTitle "GM"]
[WhiteElo "2486"]
[BlackElo "2627"]
[WhiteTeam "L'Echiquier Chalonnais"]
[BlackTeam "Clichy-Echecs-92"]
[WhiteFideId "617822"]
[BlackFideId "9000011"]
[EventDate "2014.05.24"]

1. e4 c5 2. Nf3 d6 3. d4 Nf6 4. Nc3 cxd4 5. Nxd4 g6 6. Be3 Bg7 7. f3 a6 8. Qd2
h5 9. Be2 Nbd7 10. h3 b6 11. O-O-O Bb7 12. g4 Rc8 13. g5 Nh7 14. f4 Nc5 15. Bf3
e5 16. Nde2 exf4 17. Bxf4 Ne6 18. Bxd6 Nhxg5 19. Bg2 Bh6 20. Nf4 Rc6 21. Be5
Qxd2+ 22. Rxd2 f6 23. Nxe6 Nxe6 24. Bxf6 O-O 25. e5 Rc7 26. Bxb7 Rxb7 27. Rg1
Kh7 28. Ne4 Bxd2+ 29. Kxd2 Rd7+ 30. Ke3 Rd5 31. h4 Nd4 32. Ng5+ Kh6 33. Ke4 Rd7
34. Rd1 Nb3 35. Rxd7 Nc5+ 36. Kd5 Nxd7 37. Ke6 Nxf6 38. exf6 Rc8 39. c3 Rc6+ 40.
Ke7 Rc7+ 41. Kd6 Ra7 42. c4 a5 43. b3 Ra6 44. Ke7 Ra7+ 45. Ke8 Ra8+ 46. Kd7 Ra7+
47. Kd6 a4 48. b4 a3 49. f7 Kg7 50. c5 bxc5 51. bxc5 Rb7 52. c6 Rb2 53. Ke7 1-0

[Event "TCh-FRA Top 12 2014"]
[Site "Saint-Quentin FRA"]
[Date "2014.05.25"]
[Round "2.7"]
[White "Lagarde, Maxime"]
[Black "Favarel, Antoine"]
[Result "1/2-1/2"]
[WhiteTitle "GM"]
[BlackTitle "FM"]
[WhiteElo "2510"]
[BlackElo "2333"]
[WhiteTeam "Clichy-Echecs-92"]
[BlackTeam "L'Echiquier Chalonnais"]
[WhiteFideId "662399"]
[BlackFideId "642371"]
[EventDate "2014.05.24"]

1. c4 Nf6 2. Nc3 e6 3. e4 d5 4. e5 d4 5. exf6 dxc3 6. bxc3 Qxf6 7. Nf3 e5 8. Bd3
Bg4 9. Be4 Nd7 10. Qe2 O-O-O 11. Bxb7+ Kxb7 12. Qe4+ Kc8 13. Qxg4 h5 14. Qg5 e4
15. Qxf6 gxf6 16. Nd4 Ne5 17. Ke2 Rg8 18. g3 c5 19. Nf5 Nxc4 20. a4 Rd5 21. Ne3
Nxe3 22. dxe3 c4 23. a5 f5 24. Ra4 Bc5 25. Rxc4 Kb7 26. Ra4 Kc6 27. Bd2 Rb8 28.
Ra2 h4 29. Rf1 Kd7 30. Rc1 h3 31. Rf1 Ke6 32. f3 Bd6 33. c4 Rd3 34. Rc2 Rbb3 35.
c5 Bc7 36. c6 a6 37. fxe4 fxe4 38. g4 Rb5 39. Rc4 Kd5 40. Rc2 Ke6 41. Rf2 Rg5
42. Rf4 Bxf4 43. exf4 Rxg4 44. c7 Rg2+ 45. Kf1 Rf3+ 46. Ke1 Re3+ 47. Kf1 Rf3+ 1/2-1/2

[Event "TCh-FRA Top 12 2014"]
[Site "Saint-Quentin FRA"]
[Date "2014.05.25"]
[Round "2.8"]
[White "Donrault, Patrick"]
[Black "Skripchenko, Almira"]
[Result "1/2-1/2"]
[BlackTitle "IM"]
[WhiteElo "2195"]
[BlackElo "2442"]
[WhiteTeam "L'Echiquier Chalonnais"]
[BlackTeam "Clichy-Echecs-92"]
[WhiteFideId "605255"]
[BlackFideId "13900145"]
[EventDate "2014.05.24"]

1. d4 Nf6 2. Nf3 g6 3. c4 Bg7 4. Nc3 O-O 5. Bg5 d6 6. e3 Nbd7 7. Be2 a6 8. Qc2
c6 9. a3 h6 10. Bh4 b5 11. Nd2 Bb7 12. O-O bxc4 13. Nxc4 d5 14. Nd2 c5 15. Na4
cxd4 16. exd4 Ne4 17. Nxe4 dxe4 18. Rfd1 Re8 19. Qb3 Bc6 20. Bg3 Bxa4 21. Qxa4
Nb6 22. Qc6 Nd5 23. Bxa6 e6 24. Bb5 Qg5 25. Qc1 Nf4 26. Bf1 e5 27. d5 Red8 28.
d6 Qf5 29. Qe3 Ne6 30. Bc4 Rab8 31. Bxe6 Qxe6 32. Qd2 f5 33. h3 f4 34. Bh2 Rb6
35. d7 Rb7 36. Qc2 Kh7 37. b4 Rbxd7 38. Rxd7 Qxd7 39. Qxe4 Qa4 40. Qe2 Rd4 41.
Rb1 Qxa3 42. b5 Rb4 43. Rxb4 Qxb4 44. f3 Bf8 45. Qf1 Bc5+ 46. Kh1 Be3 47. Bg1 h5
48. Kh2 Qd4 49. Qb1 Qb6 50. Bxe3 fxe3 51. Qe4 Qc5 52. h4 Kg7 53. b6 Qxb6 54.
Qxe5+ Kf7 55. Kg3 Qb3 56. Qc7+ Kg8 57. Qe5 Kf7 58. Kf4 Qc4+ 59. Kxe3 Qxh4 60.
Qd5+ 1/2-1/2

[Event "TCh-FRA Top 12 2014"]
[Site "Saint-Quentin FRA"]
[Date "2014.05.25"]
[Round "2.1"]
[White "Amin, Bassem"]
[Black "Mista, Aleksander"]
[Result "0-1"]
[WhiteTitle "GM"]
[BlackTitle "GM"]
[WhiteElo "2628"]
[BlackElo "2593"]
[WhiteTeam "C.E. de Bois-Colombes"]
[BlackTeam "Echecs Club Montpellier"]
[WhiteFideId "10601457"]
[BlackFideId "1110381"]
[EventDate "2014.05.24"]

1. e4 e5 2. Nc3 Nc6 3. g3 Bc5 4. Bg2 d6 5. d3 a6 6. Nf3 Nge7 7. O-O Nd4 8. Nxd4
Bxd4 9. Ne2 Ba7 10. Kh1 Be6 11. f4 Bg4 12. Qe1 h5 13. Ng1 h4 14. h3 hxg3 15.
Qxg3 Qd7 16. Be3 Bxe3 17. Qxe3 Ng6 18. f5 Nf4 19. Rf2 O-O-O 20. Qg3 Bh5 21. Qxg7
Rdg8 22. Qf6 Bg4 23. Kh2 Nh5 24. Qh4 f6 25. Rd2 Nf4 26. Qe1 Qg7 27. Qf2 Bxh3 28.
Nxh3 Nxh3 0-1

[Event "TCh-FRA Top 12 2014"]
[Site "Saint-Quentin FRA"]
[Date "2014.05.25"]
[Round "2.2"]
[White "Libiszewski, Fabien"]
[Black "Ipatov, Alexander"]
[Result "0-1"]
[WhiteTitle "GM"]
[BlackTitle "GM"]
[WhiteElo "2543"]
[BlackElo "2613"]
[WhiteTeam "Echecs Club Montpellier"]
[BlackTeam "C.E. de Bois-Colombes"]
[WhiteFideId "616834"]
[BlackFideId "14116731"]
[EventDate "2014.05.24"]

1. e4 e5 2. Nf3 Nc6 3. Bb5 a6 4. Ba4 Nf6 5. O-O Be7 6. d3 b5 7. Bb3 d6 8. a4 b4
9. Nbd2 Na5 10. Ba2 O-O 11. c3 Rb8 12. Re1 Nd7 13. Nc4 Nxc4 14. Bxc4 Nb6 15. Bb3
bxc3 16. bxc3 a5 17. d4 Bf6 18. dxe5 dxe5 19. Qc2 c5 20. Be3 Qc7 21. Nd2 c4 22.
Bxb6 Rxb6 23. Bxc4 Rc6 24. Qa2 Bg5 25. Bd5 Rxc3 26. Nf3 Bf4 27. Rab1 Rxf3 28.
gxf3 Qe7 29. Kf1 h5 30. Bc4 h4 31. Ke2 Bxh2 32. Rb8 Bf4 33. Qc2 Kh7 34. Rh1 h3
35. Rxc8 Rxc8 36. Rxh3+ Bh6 37. f4 Qb4 38. Rc3 Bxf4 39. Qd3 Rc7 40. Kf1 g6 41.
Kg2 Kg7 42. Qc2 Bd2 0-1

[Event "TCh-FRA Top 12 2014"]
[Site "Saint-Quentin FRA"]
[Date "2014.05.25"]
[Round "2.3"]
[White "Bauer, Christian"]
[Black "Vazquez Igarza, Renier"]
[Result "1/2-1/2"]
[WhiteTitle "GM"]
[BlackTitle "GM"]
[WhiteElo "2628"]
[BlackElo "2601"]
[WhiteTeam "C.E. de Bois-Colombes"]
[BlackTeam "Echecs Club Montpellier"]
[WhiteFideId "603767"]
[BlackFideId "3503054"]
[EventDate "2014.05.24"]

1. b3 e5 2. Bb2 d6 3. e3 Nf6 4. c4 g6 5. Nf3 Bg7 6. d4 O-O 7. dxe5 Ng4 8. Nc3
Nxe5 9. Be2 Na6 10. O-O Nc5 11. Qd2 a5 12. Rad1 Re8 13. Rfe1 Ng4 14. Qc1 Bd7 15.
h3 Ne5 16. Nd4 Nc6 17. Ndb5 Nb4 18. Qd2 Bc6 19. Nd4 Bd7 20. Ndb5 Bc6 21. Nd4 Bd7
22. Ndb5 1/2-1/2

[Event "TCh-FRA Top 12 2014"]
[Site "Saint-Quentin FRA"]
[Date "2014.05.25"]
[Round "2.4"]
[White "Kazhgaleyev, Murtas"]
[Black "Cornette, Matthieu"]
[Result "1/2-1/2"]
[WhiteTitle "GM"]
[BlackTitle "GM"]
[WhiteElo "2570"]
[BlackElo "2547"]
[WhiteTeam "Echecs Club Montpellier"]
[BlackTeam "C.E. de Bois-Colombes"]
[WhiteFideId "13700316"]
[BlackFideId "620084"]
[EventDate "2014.05.24"]

1. d4 Nf6 2. c4 g6 3. Nf3 Bg7 4. e3 O-O 5. Be2 c5 6. d5 e6 7. Nc3 exd5 8. cxd5
d6 9. Nd2 Na6 10. O-O Rb8 11. e4 Re8 12. Re1 Nc7 13. a4 a6 14. a5 Bd7 15. Bf3
Bb5 16. Nf1 Nd7 17. Ne3 Qe7 18. h3 Ne5 19. Be2 Nd7 20. Bf3 Ne5 21. Be2 Bxe2 22.
Qxe2 Nd7 23. Nc4 Nb5 24. Bf4 Nd4 25. Qd3 Ne5 26. Bxe5 Bxe5 27. Ne2 Qf6 28. Nxd4
Bxd4 29. Re2 Re7 30. Qf3 Qxf3 31. gxf3 Be5 32. Ra3 Bf4 33. Rb3 Rbe8 34. Rb6 f5
35. Nxd6 Bxd6 36. Rxd6 fxe4 37. fxe4 Rxe4 38. Rc2 Re2 39. Rxc5 Rf8 40. Rd7 Rexf2
41. Rc3 Rxb2 42. Rcc7 1/2-1/2

[Event "TCh-FRA Top 12 2014"]
[Site "Saint-Quentin FRA"]
[Date "2014.05.25"]
[Round "2.5"]
[White "Kazakov, Mikhail"]
[Black "Flear, Glenn C"]
[Result "1/2-1/2"]
[WhiteTitle "GM"]
[BlackTitle "GM"]
[WhiteElo "2517"]
[BlackElo "2488"]
[WhiteTeam "C.E. de Bois-Colombes"]
[BlackTeam "Echecs Club Montpellier"]
[WhiteFideId "14102749"]
[BlackFideId "400165"]
[EventDate "2014.05.24"]

1. e4 e5 2. Nf3 Nc6 3. Bb5 a6 4. Ba4 Nf6 5. O-O Nxe4 6. d4 b5 7. Bb3 d5 8. dxe5
Be6 9. c3 Bc5 10. Qd3 O-O 11. Nbd2 f5 12. exf6 Nxf6 13. a4 g6 14. axb5 Bf5 15.
Qe2 Re8 16. Qd1 axb5 17. Rxa8 Qxa8 18. Bc2 Bxc2 19. Qxc2 Ne5 20. Nxe5 Rxe5 21.
Nb3 Bb6 22. Nd4 Qe8 23. Qd1 Re4 24. Bg5 Bxd4 25. cxd4 Nh5 26. Qc2 c6 27. Qc3 Ng7
28. b4 Nf5 29. Bf6 Nd6 30. h3 Nc4 31. Ra1 Qe6 32. Bg5 Qf7 33. Qg3 Re8 34. Bh6
Qd7 35. Qg4 Qf7 36. h4 Nd6 37. Bf4 Qf5 38. Qxf5 Nxf5 39. Be5 Nxh4 40. Ra6 Re6
41. Ra8+ Kf7 42. Ra7+ Re7 43. Ra6 Re6 44. Ra7+ Re7 45. Ra6 Re6 1/2-1/2

[Event "TCh-FRA Top 12 2014"]
[Site "Saint-Quentin FRA"]
[Date "2014.05.25"]
[Round "2.6"]
[White "Collas, Silvia"]
[Black "Abergel, Thal"]
[Result "0-1"]
[WhiteTitle "IM"]
[BlackTitle "GM"]
[WhiteElo "2290"]
[BlackElo "2417"]
[WhiteTeam "Echecs Club Montpellier"]
[BlackTeam "C.E. de Bois-Colombes"]
[WhiteFideId "2902265"]
[BlackFideId "614890"]
[EventDate "2014.05.24"]

1. c4 b6 2. Nf3 Bb7 3. g3 e5 4. Bg2 e4 5. Nd4 Nf6 6. O-O Nc6 7. Nxc6 Bxc6 8. d3
exd3 9. Qxd3 Bxg2 10. Kxg2 Bd6 11. Nc3 O-O 12. Nb5 Be7 13. Bf4 d6 14. Nd4 Re8
15. e4 Nd7 16. Nc6 Qc8 17. b4 Bf6 18. Rac1 a5 19. a3 axb4 20. axb4 Ra2 21. h4
Qa8 22. Qd5 Re2 23. Rce1 Qa2 24. Rxe2 Qxe2 25. Be3 Qc2 26. Kf3 Bb2 27. Bd4 Qd3+
28. Kg2 Bxd4 29. Qxd4 Qxd4 30. Nxd4 Rxe4 31. Rd1 Ne5 32. c5 bxc5 33. bxc5 dxc5
34. Nb3 g6 35. Nxc5 Rc4 36. Rd5 Ng4 37. Kf3 h5 38. Ne4 Kg7 39. Nd2 Rc6 40. Ne4
Rc2 41. Nd2 c6 42. Rd8 c5 43. Ke2 c4 44. f3 c3 45. fxg4 hxg4 46. Ke3 Rxd2 47.
Rc8 Rc2 48. Kf4 Rc1 49. Kg5 f6+ 50. Kxg4 c2 0-1

[Event "TCh-FRA Top 12 2014"]
[Site "Saint-Quentin FRA"]
[Date "2014.05.25"]
[Round "2.7"]
[White "Dionisi, Thomas"]
[Black "Touzane, Olivier"]
[Result "1/2-1/2"]
[WhiteTitle "FM"]
[BlackTitle "IM"]
[WhiteElo "2377"]
[BlackElo "2325"]
[WhiteTeam "C.E. de Bois-Colombes"]
[BlackTeam "Echecs Club Montpellier"]
[WhiteFideId "651893"]
[BlackFideId "602906"]
[EventDate "2014.05.24"]

1. e4 e5 2. Nf3 Nc6 3. Bb5 Nf6 4. d3 Bc5 5. c3 d6 6. O-O a6 7. Ba4 O-O 8. Nbd2
Ne7 9. d4 exd4 10. cxd4 Ba7 11. h3 Ng6 12. Re1 b5 13. Bc2 Bb7 14. Nf1 d5 15. e5
Ne4 16. Be3 f5 17. exf6 Qxf6 18. N1h2 Rae8 19. Ng4 Qf5 20. Nd2 Qf7 21. Nxe4 dxe4
22. a4 Bb8 23. axb5 axb5 24. Bb3 Bd5 25. Bxd5 Qxd5 26. Ra6 Re6 27. Rxe6 Qxe6 28.
Qc2 h5 29. Nh2 c6 30. Nf1 Re8 31. Rc1 Nf4 32. Bxf4 Bxf4 33. Ne3 Bxe3 34. fxe3
Qh6 35. Qe2 Rd8 36. Rf1 Rf8 37. Rxf8+ Kxf8 38. Qf2+ Ke8 39. Qf4 Qg6 40. Kh2 Kd7
41. Qg3 Qf6 42. Qb8 h4 43. Qb7+ Kd6 44. Qb8+ Kd5 45. Qg8+ Kd6 46. Qb8+ Kd5 47.
Qg8+ Kd6 48. Qb8+ Kd5 49. Qg8+ 1/2-1/2

[Event "TCh-FRA Top 12 2014"]
[Site "Saint-Quentin FRA"]
[Date "2014.05.25"]
[Round "2.8"]
[White "Buscara, Sevan"]
[Black "Guichard, Pauline"]
[Result "0-1"]
[WhiteTitle "FM"]
[BlackTitle "WGM"]
[WhiteElo "2379"]
[BlackElo "2352"]
[WhiteTeam "Echecs Club Montpellier"]
[BlackTeam "C.E. de Bois-Colombes"]
[WhiteFideId "650234"]
[BlackFideId "639370"]
[EventDate "2014.05.24"]

1. c4 e5 2. Nc3 Nf6 3. Nf3 Nc6 4. e3 Be7 5. a3 d6 6. b4 O-O 7. Bb2 Re8 8. Qc2
Bf8 9. Bd3 a6 10. Ng5 g6 11. h4 Nh5 12. O-O-O Ne7 13. g4 Bxg4 14. Rdg1 Qd7 15.
Nce4 Bg7 16. Ng3 b5 17. N5e4 c5 18. Nxh5 Bxh5 19. cxb5 cxb4 20. axb4 Rec8 21.
Nc3 axb5 22. Kb1 Qe6 23. Be4 d5 24. Bg2 Rc4 25. Qb3 Rac8 26. d3 R4c7 27. Nxd5
Be2 28. Re1 Bg4 29. Rc1 Rxc1+ 30. Rxc1 Rxc1+ 31. Kxc1 Nxd5 32. Bxd5 Qf6 33. f4
Qxh4 34. Bxf7+ Kf8 35. Bxe5 Qe1+ 36. Kb2 Bxe5+ 37. fxe5 Qf2+ 38. Ka3 Qxf7 39.
Qc3 Qd7 40. Qc5+ Kg7 41. d4 Bf3 42. Qb6 Qc6 43. Qa7+ Kh6 44. Qc5 Qxc5 45. bxc5
g5 46. e6 Kg7 47. Kb4 g4 48. c6 Bxc6 49. Kc5 Be4 50. Kd6 g3 51. e7 Bg6 0-1

[Event "TCh-FRA Top 12 2014"]
[Site "Saint-Quentin FRA"]
[Date "2014.05.26"]
[Round "3.1"]
[White "Vazquez Igarza, Renier"]
[Black "Riazantsev, Alexander"]
[Result "1/2-1/2"]
[WhiteTitle "GM"]
[BlackTitle "GM"]
[WhiteElo "2601"]
[BlackElo "2692"]
[WhiteTeam "Echecs Club Montpellier"]
[BlackTeam "Club d'Echecs Metz Fischer"]
[WhiteFideId "3503054"]
[BlackFideId "4125029"]
[EventDate "2014.05.24"]

1. Nf3 d5 2. d4 Nf6 3. c4 e6 4. Nc3 c6 5. Bg5 h6 6. Bxf6 Qxf6 7. e3 g6 8. Bd3
Bg7 9. O-O O-O 10. Re1 dxc4 11. Bxc4 Nd7 12. e4 e5 13. d5 Nb6 14. Bb3 Bg4 15. h3
Bxf3 16. Qxf3 Qxf3 1/2-1/2

[Event "TCh-FRA Top 12 2014"]
[Site "Saint-Quentin FRA"]
[Date "2014.05.26"]
[Round "3.2"]
[White "Svetushkin, Dmitry"]
[Black "Kazhgaleyev, Murtas"]
[Result "1/2-1/2"]
[WhiteTitle "GM"]
[BlackTitle "GM"]
[WhiteElo "2544"]
[BlackElo "2570"]
[WhiteTeam "Club d'Echecs Metz Fischer"]
[BlackTeam "Echecs Club Montpellier"]
[WhiteFideId "13900463"]
[BlackFideId "13700316"]
[EventDate "2014.05.24"]

1. e4 e6 2. d4 d5 3. Nc3 Bb4 4. e5 c5 5. Bd2 Ne7 6. a3 Bxc3 7. Bxc3 b6 8. Bb5+
Bd7 9. Bd3 Nbc6 10. Nf3 Qb8 11. Bd2 Nxd4 12. Nxd4 Qxe5+ 13. Ne2 c4 14. Bc3 Qc7
15. Bxg7 Rg8 16. Bf6 cxd3 17. Qxd3 Rc8 18. c3 Nf5 19. Ng3 Rg6 20. Bd4 Nxd4 21.
Qxd4 Qc4 22. Rd1 Rg4 23. Qh8+ Ke7 24. Qe5 Kf8 25. f3 Qf4 26. Qxf4 Rxf4 27. Kf2
Rfc4 28. Rhe1 b5 29. Nf1 a5 30. Ne3 R4c7 31. Rd4 Rb8 32. Red1 Be8 33. f4 Ke7 34.
g4 b4 35. axb4 axb4 36. Rxb4 Rxb4 37. cxb4 Ra7 38. g5 Ra2 39. Rd2 Ra4 40. Nc2 f6
41. gxf6+ Kxf6 42. b3 Ra7 43. Ke3 Rb7 44. Nd4 Rxb4 45. Ra2 Rb6 46. Kd3 Bg6+ 47.
Kc3 e5 48. fxe5+ Kxe5 49. b4 Be4 50. b5 Rh6 51. Rd2 Rg6 52. Rb2 Rb6 53. Nc6+ Kd6
54. Kb4 d4 55. Nxd4 Rb8 56. Re2 Bg6 57. Rd2 Rf8 58. Nf3+ Ke6 59. Nd4+ Kd6 60.
Nc6+ Kc7 61. Ne5 Be8 62. Nc4 Rf4 63. b6+ Kc6 64. Rd6+ Kb7 65. Kc3 Rf3+ 66. Kd2
Rf5 67. Ke3 Rh5 68. Re6 Rh3+ 69. Kf2 Bc6 70. Kg1 Rc3 71. Na5+ 1/2-1/2

[Event "TCh-FRA Top 12 2014"]
[Site "Saint-Quentin FRA"]
[Date "2014.05.26"]
[Round "3.3"]
[White "Mista, Aleksander"]
[Black "Iordachescu, Viorel"]
[Result "1-0"]
[WhiteTitle "GM"]
[BlackTitle "GM"]
[WhiteElo "2593"]
[BlackElo "2594"]
[WhiteTeam "Echecs Club Montpellier"]
[BlackTeam "Club d'Echecs Metz Fischer"]
[WhiteFideId "1110381"]
[BlackFideId "13900200"]
[EventDate "2014.05.24"]

1. e4 c6 2. d4 d5 3. Nd2 dxe4 4. Nxe4 Bf5 5. Ng3 Bg6 6. Nh3 e6 7. Nf4 Bd6 8. c3
Nf6 9. h4 Bxf4 10. Bxf4 h6 11. h5 Bh7 12. Qb3 Qe7 13. Be2 O-O 14. O-O Nd5 15.
Bd2 a5 16. Bf3 a4 17. Qc4 Nd7 18. Rfe1 N7f6 19. Nf1 Qc7 20. Qe2 Rac8 21. g3 c5
22. c4 Nb6 23. Bf4 Qd7 24. dxc5 Bd3 25. Qd1 Nxc4 26. b3 e5 27. Bxe5 Nxe5 28.
Rxe5 Rfd8 29. Rc1 axb3 30. Qxb3 Ba6 31. Ne3 Qc7 32. Rf5 Rd3 33. Rc3 Rd2 34. Nd5
Qd8 35. Re3 Nxd5 36. Bxd5 Kh8 37. Bxf7 Bd3 38. Rfe5 Bc2 39. Qb5 Rd1+ 40. Kh2 Kh7
41. Re6 1-0